| Tag |
First Indicator |
Second Indicator |
Subfields |
| LEADER |
00000cam a2200000 a 4500 |
| 001 |
in00000018044 |
| 005 |
20151007053134.0 |
| 008 |
850816s1986 njua b 00110deng |
| 010 |
|
|
|a 85019670
|
| 020 |
|
|
|a 0810818515
|
| 035 |
|
|
|a (OCoLC)12557373
|
| 035 |
|
|
|9 AAB0526AM
|
| 040 |
|
|
|a DLC
|c DLC
|d m/c
|d TXA
|d UtOrBLW
|
| 049 |
|
|
|a TXAF
|c [A11083173]
|
| 050 |
0 |
0 |
|a AS911.N9
|b O63 1986
|
| 082 |
0 |
|
|a 001.4/4
|2 19
|
| 100 |
1 |
|
|a Opfell, Olga S.
|
| 245 |
1 |
4 |
|a The lady laureates :
|b women who have won the Nobel Prize /
|c by Olga S. Opfell.
|
| 250 |
|
|
|a 2nd ed.
|
| 264 |
|
1 |
|a Metuchen, N.J. :
|b Scarecrow Press,
|c 1986.
|
| 300 |
|
|
|a xviii, 316 pages :
|b illustrations ;
|c 23 cm.
|
| 336 |
|
|
|a text
|b txt
|2 rdacontent
|
| 337 |
|
|
|a unmediated
|b n
|2 rdamedia
|
| 338 |
|
|
|a volume
|b nc
|2 rdacarrier
|
| 504 |
|
|
|a Bibliography: pages 289-302.
|
| 500 |
|
|
|a Includes index.
|
| 650 |
|
0 |
|a Nobel Prizes.
|
| 650 |
|
0 |
|a Women
|v Biography.
|
| 650 |
|
0 |
|a Women authors
|v Biography.
|
| 650 |
|
0 |
|a Women scientists
|v Biography.
|
| 999 |
|
|
|a MARS
|
| 999 |
f |
f |
|s 9899b2f8-5c88-3047-b200-c339b52233c6
|i adbd2829-e64b-332d-a8f3-bcaec34c42ab
|t 0
|
| 952 |
f |
f |
|p normal
|a Texas A&M University
|b College Station
|c Sterling C. Evans Library
|d Evans: Library Stacks
|t 0
|e AS911.N9 O63 1986
|h Library of Congress classification
|i unmediated -- volume
|m A14811083173
|
| 998 |
f |
f |
|a AS911.N9 O63 1986
|t 0
|l Evans: Library Stacks
|